Alice in Borderland Characters by Picture - Statistics

General Stats
  • This quiz has been taken 99 times
  • The average score is 19 of 39
Answer Stats
Picture Answer % Correct
Ryohei Arisu
99%
Yuzuha Usagi
95%
Rizuna Ann
93%
Chota Segawa
88%
Daikichi Karube
86%
Hikari Kuina
86%
Shuntaro Chishiya
84%
Suguru Niragi
82%
Mira Kano
79%
Kodai Tatta
78%
Morizono Aguni
77%
Takeru Danma (Hatter)
68%
Takatora Samura (Last Boss)
66%
Saori Shibuki
56%
Rei Morikage
55%
Sunato Banda
55%
Akane Heiya
52%
Ginji Kyuma
52%
Isao Shirabi
40%
Keiichi Kuzuryu
40%
Urumi Akamaki
37%
Nobuaki Hida
33%
Risa
33%
Ryuji Matsuyama
33%
Tetsu Shimazaki
33%
Enji Matsushita
32%
Ippei Oki
32%
Asahi Kujo
29%
Oki Yaba
29%
Kazuya
23%
Ikeno
21%
Shion
19%
Kotoko Shiga
18%
Natsu
18%
Sachiko Makino
18%
Yuna Itsuki
18%
Kota
15%
Sohta Itsuki
12%
Masato
11%
No matching quizzes found
Score Distribution
Percent of People with Each Score
Percentile by Number Answered
Your Score History
You have not taken this quiz